| 000 | 00622nam a22001937a 4500 | ||
|---|---|---|---|
| 003 | NUST-PNEC | ||
| 005 | 20170116180710.0 | ||
| 008 | 141003b xxu||||| |||| 00| 0 eng d | ||
| 020 | _a0070397422 | ||
| 040 | _cPNEC | ||
| 082 | _a621.381 MAI | ||
| 100 |
_9509 _aMaissel, Leon I. |
||
| 245 |
_aHandbook of thin film technology, _cLeon I. Maissel |
||
| 260 |
_aNew York, _bMcGraw-Hill _c[1970] |
||
| 300 |
_a1 volume (various pagings) _billustrations _c 23 cm. |
||
| 500 | _aIncludes Index http://www.amazon.com/s/ref=nb_sb_noss?url=search-alias%3Dstripbooks&field-keywords=0070397422 | ||
| 650 | _xME | ||
| 942 |
_2ddc _cBK |
||
| 999 |
_c60918 _d60918 |
||